000 00345nam a2200157Ia 4500
003 0STCL
008 150530s9999 xx 000 0 und d
040 _aSTCL
_cSTCL
100 _aCatherine De Hack
245 _aMy Russian yesterdays
260 _c1951
546 _aEnglish
942 _2ddc
_cBK
999 _c69108
_d69108
005 20220125171411.0